Normal view
MARC view
- Majer, Johann M.
Entry Personal Name
001 - CONTROL NUMBER
- control field: 58052
003 - CONTROL NUMBER IDENTIFIER
- control field: OSt
005 - DATE AND TIME OF LATEST TRANSACTION
- control field: 20240816114637.0
008 - FIXED-LENGTH DATA ELEMENTS
- fixed length control field: 240816|| aca||aabn | a|a d
040 ## - CATALOGING SOURCE
- Original cataloging agency: OSt
- Transcribing agency: OSt
100 ## - HEADING--PERSONAL NAME
- Personal name: Majer, Johann M.
- Relator term: author.
670 ## - SOURCE DATA FOUND
- Source citation: Work cat.: (OSt): Majer, Johann M. author., Open to offers, but resisting requests : , September 2020.
